[Event "134th YMCA Winter A"]
[Site "Warszawa"]
[Date "2014.03.27"]
[Round "13"]
[White "Liberadzki, Slawomir"]
[Black "Choroszej, Aleksander"]
[Result "1/2-1/2"]
[WhiteElo "2108"]
[BlackElo "2130"]
[Annotator "Admin"]
[PlyCount "172"]
[EventDate "2014.01.09"]
[EventType "tourn"]
[EventRounds "1"]
[EventCountry "POL"]
[SourceDate "2014.01.09"]

1. e4 g6 2. f4 Bg7 3. Nf3 c5 4. Bc4 Nc6 5. O-O e6 6. Nc3 Nge7 7. e5 d6 8. exd6
Qxd6 9. Ne4 Qc7 10. d3 b6 11. c3 Bb7 12. Nfg5 h6 13. Nh3 O-O 14. Qe2 Rad8 15.
Be3 $11 Na5 16. Bb5 c4 17. Nef2 Nf5 18. d4 Qd6 19. Nd1 Qd5 20. Ba4 Nc6 21. Bxc6
Qxc6 22. Kh1 Rd5 23. Bd2 Nh4 24. Ne3 Rh5 25. Ng1 Rd8 26. Be1 Qe4 27. Bxh4 Rxh4
28. Qf2 Rh5 29. Qf3 Rc8 30. Rad1 Rb5 31. Rd2 h5 32. Qxe4 Bxe4 33. Nf3 f6 34.
Ne1 Bh6 35. Re2 Bb7 36. Nd1 Kf7 37. Kg1 Rf5 38. g3 Rd5 39. Nf3 $11 Rd6 40. Kf2
b5 41. Rfe1 Bf8 42. h3 a5 43. g4 hxg4 44. hxg4 Bd5 45. g5 Bg7 46. gxf6 Bxf6 47.
Ne5+ Bxe5 48. fxe5 Rd7 49. Ne3 Rh8 50. Nxd5 Rxd5 51. Kg3 Rh5 52. Rf1+ Rf5 53.
Rh1 Rh5 54. Rf2+ Ke7 55. Rxh5 gxh5 56. Kh4 b4 57. Kxh5 Rd8 58. Rc2 bxc3 59.
bxc3 Rg8 60. Kh4 Rg1 61. Rb2 Rc1 62. Rb7+ Kd8 63. Kg5 Rxc3 64. Kf6 Rd3 65. Kxe6
Rxd4 66. Kf6 Rd1 67. Rb5 c3 68. Rc5 Kd7 69. Rxc3 Rf1+ 70. Kg7 Ke6 71. Rc5 Rf5
72. Rxa5 Rxe5 73. Ra6+ Kd7 74. Kf6 Re1 75. Rb6 Kc7 76. Rb2 Re3 77. Kf5 Re1 78.
a4 Re3 79. Ra2 Kb6 80. Kf4 Re8 81. a5+ Ka6 82. Kf5 Re1 83. Kf6 Re8 84. Kf7 Re5
85. Kf6 Rxa5 86. Rxa5+ Kxa5 1/2-1/2

[Event "134th YMCA Winter A"]
[Site "Warszawa"]
[Date "2014.03.27"]
[Round "13"]
[White "Witek, Tomasz"]
[Black "Olenderek, Tomasz"]
[Result "1-0"]
[WhiteElo "2105"]
[BlackElo "2150"]
[PlyCount "79"]
[EventDate "2014.01.09"]
[EventType "tourn"]
[EventRounds "1"]
[EventCountry "POL"]
[SourceDate "2014.01.09"]

1. d4 Nf6 2. c4 e5 3. dxe5 Ne4 4. Qd4 Nc5 5. Nf3 Nc6 6. Qe3 Ne6 7. Bd2 Bc5 8.
Qe4 b6 9. b4 Bxb4 10. Bxb4 Nxb4 11. Qxa8 Nc2+ 12. Kd1 Nxa1 13. Kc1 O-O 14. Kb2
Qe7 15. Kxa1 d6 16. Qd5 Rd8 17. g3 c6 18. exd6 Rxd6 19. Qe5 Ba6 20. e3 Qd8 21.
Be2 Bb7 22. Rc1 f6 23. Qb2 Nc5 24. Qc2 f5 25. Rd1 Ne4 26. c5 Qf6+ 27. Qb2 Rxd1
28. Bxd1 Qxb2+ 29. Kxb2 Nxf2 30. Bb3+ Kf8 31. Ne5 Ke7 32. Nd2 Kf6 33. Ndf3 b5
34. Kc3 a5 35. Kd4 a4 36. Bg8 h6 37. Nd7+ Ke7 38. Nfe5 b4 39. Nb8 Kf8 40. Be6
1-0

[Event "134th YMCA Winter A"]
[Site "Warszawa"]
[Date "2014.03.21"]
[Round "13"]
[White "Kielar, Maciej"]
[Black "Eggink, Mateusz"]
[Result "0-1"]
[WhiteElo "2118"]
[BlackElo "2052"]
[PlyCount "70"]
[EventDate "2014.01.09"]
[EventType "tourn"]
[EventRounds "1"]
[EventCountry "POL"]
[SourceDate "2014.01.09"]

1. e4 c5 2. d3 Nc6 3. g3 d6 4. Bg2 g6 5. f4 Bg7 6. Nf3 Rb8 7. O-O e6 8. c3 e5
9. Be3 exf4 10. Bxf4 Nf6 11. Nbd2 Nh5 12. Bg5 Qc7 13. Nc4 O-O 14. Qd2 Be6 15.
Ne3 h6 16. g4 hxg5 17. gxh5 g4 18. Nh4 Qe7 19. Qf2 Bh6 20. Rae1 Bg5 21. Nhf5
gxf5 22. exf5 Bh4 23. Qf4 Ne5 24. Re2 Bxa2 25. Qa4 Nxd3 26. Qxa2 Bg5 27. Qd5
Nf4 28. Rxf4 Bxf4 29. Be4 Bxe3+ 30. Rxe3 Qe5 31. Qd1 Qf4 32. Rg3 Kh8 33. Bc2
Rbe8 34. h6 Re3 35. Kg2 Rfe8 0-1

[Event "134th YMCA Winter A"]
[Site "Warszawa"]
[Date "2014.03.24"]
[Round "13"]
[White "Luksik, Mateusz"]
[Black "Sanz Losada, Victoriano"]
[Result "1/2-1/2"]
[WhiteElo "2071"]
[BlackElo "2103"]
[Annotator "Admin"]
[PlyCount "122"]
[EventDate "2014.01.09"]
[EventType "tourn"]
[EventRounds "1"]
[EventCountry "POL"]
[SourceDate "2014.01.09"]

1. e4 c5 2. d4 cxd4 3. c3 dxc3 4. Nxc3 Nc6 5. Bc4 d6 6. Nf3 g6 7. O-O Bg7 8.
Qb3 Na5 9. Bb5+ Bd7 10. Qa4 Nc6 11. Be3 a6 12. Nd5 Nf6 13. Bb6 Qc8 14. Bxc6
Bxc6 15. Qa5 Bxd5 16. exd5 O-O 17. Rac1 Qf5 18. Rc7 Qxd5 19. Rxe7 Qxa5 20. Bxa5
b5 21. Rd1 Rfe8 22. Rb7 Re2 23. Ng5 Ng4 24. h3 Nxf2 25. Rxd6 Ne4 26. Nxe4 Rxe4
27. Bc3 Bxc3 28. bxc3 Kg7 29. Rbb6 Ra4 30. Rd2 Rc8 31. Rc2 Rc7 32. Kf2 Rf4+ 33.
Ke3 Rf6 34. Rxf6 Kxf6 35. Kd4 Ke6 36. Re2+ Kd6 37. Re8 Rc4+ 38. Kd3 Ra4 39. Re2
f5 40. g3 g5 41. Re8 Rxa2 42. Rg8 h6 43. Rg6+ Kc5 44. Rxh6 Rg2 45. g4 fxg4 46.
hxg4 Ra2 47. Ke3 Ra3 48. Rg6 Rxc3+ 49. Kd2 Ra3 50. Rxg5+ Kd4 51. Kc2 b4 52. Rf5
a5 53. g5 a4 54. Rf4+ Kc5 55. Rg4 Ra2+ 56. Kb1 Re2 57. Rg1 Re7 58. g6 Rg7 59.
Kc2 Kd5 60. Rg4 b3+ 61. Kb2 Ke5 $11 1/2-1/2

[Event "134th YMCA Winter A"]
[Site "Warszawa"]
[Date "2014.03.05"]
[Round "13"]
[White "Rozycki, Bartlomiej"]
[Black "Delega, Tomasz"]
[Result "0-1"]
[WhiteElo "2076"]
[BlackElo "2080"]
[PlyCount "68"]
[EventDate "2014.01.09"]
[EventType "tourn"]
[EventRounds "1"]
[EventCountry "POL"]
[SourceDate "2014.01.09"]

1. d4 Nf6 2. c4 e6 3. Nc3 Bb4 4. Qc2 O-O 5. a3 Bxc3+ 6. Qxc3 Ne4 7. Qc2 f5 8.
Nf3 b6 9. e3 Bb7 10. Bd3 d6 11. O-O Nd7 12. b4 Qe8 13. Bb2 Qh5 14. Nd2 Nxd2 15.
Qxd2 Bxg2 16. Rfc1 Qg6 17. f4 Bf3+ 18. Kf1 Qh5 19. Qf2 Rf6 20. Be2 Qh3+ 21. Ke1
Be4 22. Kd2 Rh6 23. c5 bxc5 24. dxc5 dxc5 25. bxc5 Rd8 26. Ke1 Rb8 27. c6 Nb6
28. Bd4 Qxh2 29. Qxh2 Rxh2 30. a4 h5 31. a5 Nd5 32. Bc4 h4 33. Ra2 Rxa2 34.
Bxa2 h3 0-1